00774pam a2200217 a 450000500170000000800410001702000320005804000180009005000200010808200140012810000450014224500960018725000120028326000510029530000570034644000290040350400510043265000260048365000280050965000190053720240211190143.0930511s1994 cauab b 001 0 eng  a053419950X (acidfree paper) aDLCcDLCdDLC00aGF41b.M54 199400a363.72201 aMiller, G. Tylerq(George Tyler),d1931-10aLiving in the environment :bprinciples, connections, and solutions /cG. Tyler Miller, Jr. a8th ed. aBelmont, Calif. :bWadsworth Pub. Co.,cc1994. axxv, 701 p. :bill. (some col.), col. maps ;c29 cm. 0aWadsworth biology series aIncludes bibliographical references and index. 0aEnvironmental policy. 0aEnvironmental sciences. 0aHuman ecology.